Rajnaitik tatta aru Socratis, Plato aru Aristotler chintadhara. (Record no. 522)

MARC details
000 -LEADER
fixed length control field 00538cam a2200193ua 4500
008 - FIXED-LENGTH DATA ELEMENTS--GENERAL INFORMATION
fixed length control field 110409n ii |||gr||||Z||||||eng
040 ## - CATALOGING SOURCE
Transcribing agency MAIN
082 ## - DEWEY DECIMAL CLASSIFICATION NUMBER
Classification number 320.5
245 11 - TITLE STATEMENT
Title Rajnaitik tatta aru Socratis, Plato aru Aristotler chintadhara.
Statement of responsibility, etc. By Kripesh Chandra Paul.
250 ## - EDITION STATEMENT
Edition statement 3rd.
260 ## - PUBLICATION, DISTRIBUTION, ETC.
Place of publication, distribution, etc. Gowahati.:
Name of publisher, distributor, etc. Arun prakashan.,995.
300 ## - PHYSICAL DESCRIPTION
Extent xii, 160 p.:6 cm.
700 ## - ADDED ENTRY--PERSONAL NAME
Personal name Paul, Kripesh Chandra.,
700 ## - ADDED ENTRY--PERSONAL NAME
Personal name Nayak, Pratul Chandra.,
942 ## - ADDED ENTRY ELEMENTS (KOHA)
Koha item type Books
653 ## - INDEX TERM--UNCONTROLLED
Uncontrolled term Political science.
653 ## - INDEX TERM--UNCONTROLLED
Uncontrolled term Rajnaitik tatta.
Holdings
Withdrawn status Lost status Damaged status Not for loan Home library Current library Shelving location Date acquired Total Checkouts Full call number Barcode Date last seen Copy number Price effective from Koha item type
        Central Library, Naharkatiya College Central Library, Naharkatiya College   19/09/2020   320.5 | PAU 410 19/09/2020 1 19/09/2020 Books

Naharkatiya College © 2020. All rights reserved.

Powered By